Statistics for Click the actor to most famous movie 2

Click here to take the quiz!

General Stats

  • This quiz has been taken 198 times
  • The average score is 12 of 15

Answer Stats

HintAnswer% Correct
Tom HanksForrest Gump
91%
Will SmithMen in Black
90%
Sigourney WeaverAlien
89%
Paul WalkerFast & Furious
88%
Kate WinsletTitanic
88%
Anthony HopkinsHannibal
87%
Chris HemsworthThor
87%
Gal GadotWonder Woman
87%
Harrison FordStar Wars
84%
Tom HollandSpider-Man
80%
Tom CruiseMission: Impossible
77%
Amanda SeyfriedMamma Mia
74%
Theo JamesDivergent
67%
Margot RobbieThe Wolf of Wall Street
67%
Miles TellerTop Gun: Maverick
66%

Score Distribution

Percentile by Number Answered

Percent of People with Each Score

Your Score History

You have not taken this quiz